000 00775nam a2200265Ia 4500
003 OSt
005 20220924115340.0
006 a|||||r|||| 00| 0
007 ta
008 220923b |||||||| |||| 00| 0 urd d
020 _a97887635929 (hbk)
020 _cINR 200.00
024 _a352120
037 _b2409, 03/03/2020, M.R. Publications
_cTextual
040 _aARTS
_cARTS
_burd
041 _2urd
_aurd
082 _aO168,1NAZ2x, Q9
100 _aAzad Tayyeb Au.
_9177893
245 0 _aJo dil ne kaha
260 _aDelhi
_bArshia publications India
_c2019
300 _a144p.
_ccm.
650 _aURDU POETRY
942 _hO168,1NAZ2x, Q9
_cTEXL
_2CC
999 _c397944
_d397944